000 00284nam a22001337a 4500
008 181015b xxu||||| |||| 00| 0 eng d
020 _a9780801894374
041 _aeng
080 _a721
100 _a41
101 _aNDE
245 _aSuper Structures
_cDenny,M
942 _2udc
_cBK
999 _c49612
_d49612